[Event "PHI-ch"]
[Site "Marikina City"]
[Date "2024.01.06"]
[Round "11"]
[White "Bersamina, Paulo"]
[Black "Gomez, John Paul"]
[Result "1/2-1/2"]
[WhiteElo "2435"]
[BlackElo "2422"]
[PlyCount "54"]
[EventDate "2023.12.27"]
[EventType "tourn"]
[EventRounds "13"]
[EventCountry "PHI"]
[SourceTitle "CB02_2024"]
[SourceDate "2024.01.10"]
[SourceVersion "1"]
[SourceVersionDate "2024.01.10"]
[SourceQuality "1"]

1. e4 c5 2. Nf3 g6 3. d4 cxd4 4. Nxd4 Nc6 5. c4 Nf6 6. Nc3 d6 7. Be2 Nxd4 8. Qxd4 Bg7 9. Be3 0-0 10. Qd2 Be6 11. Rc1 Qa5 12. b3 Rfc8 13. f3 a6 14. Nd5 Qxd2+ 15. Kxd2 Nxd5 16. cxd5 Bd7 17. Rxc8+ Rxc8 18. Rc1 Rxc1 19. Kxc1 e6 20. dxe6 Bxe6 21. Kd2 d5 22. exd5 Bxd5 23. Kd3 Bc6 24. Kd2 Bd5 25. Kd3 Bc6 26. Kd2 Bd5 27. Kd3 Bc6 1/2-1/2

[Event "PHI-ch"]
[Site "Marikina City"]
[Date "2024.01.05"]
[Round "10"]
[White "Medina, Vince Angelo"]
[Black "Bersamina, Paulo"]
[Result "0-1"]
[WhiteElo "2125"]
[BlackElo "2435"]
[PlyCount "79"]
[EventDate "2023.12.27"]
[EventType "tourn"]
[EventRounds "13"]
[EventCountry "PHI"]
[SourceTitle "CB02_2024"]
[SourceDate "2024.01.10"]
[SourceVersion "1"]
[SourceVersionDate "2024.01.10"]
[SourceQuality "1"]

1. Nf3 d5 2. b3 c5 3. Bb2 f6 4. e3 e5 5. Bb5+ Nc6 6. c4 d4 7. exd4 cxd4 8. Qe2 Be7 9. 0-0 Nh6 10. Re1 a6 11. Ba4 Kf7 12. Bxc6 bxc6 13. Nxe5+ fxe5 14. Qh5+ g6 15. Qxe5 Nf5 16. Na3 Bf6 17. Qe4 Ne7 18. g4 Qd7 19. f3 h5 20. h3 hxg4 21. hxg4 Qd6 22. Re2 d3 23. Bxf6 Qxf6 24. Ree1 Be6 25. Kg2 Rh4 26. Rh1 Rah8 27. Rxh4 Qxh4 28. Re1 Qh2+ 29. Kf1 Qd6 30. Qe5 Rh1+ 31. Kf2 Rh2+ 32. Kg3 Qxe5+ 33. Rxe5 Rxd2 34. Nb1 Rxa2 35. Nc3 Rc2 36. Ne4 d2 37. Ng5+ Kf6 38. Rxe6+ Kxg5 39. f4+ Kh6 40. Rxe7 0-1

[Event "PHI-ch"]
[Site "Marikina City"]
[Date "2023.12.28"]
[Round "2"]
[White "Bersamina, Paulo"]
[Black "Laylo, Darwin"]
[Result "0-1"]
[WhiteElo "2435"]
[BlackElo "2440"]
[PlyCount "144"]
[EventDate "2023.12.27"]
[EventType "tourn"]
[EventRounds "13"]
[EventCountry "PHI"]
[SourceTitle "CB02_2024"]
[SourceDate "2024.01.10"]
[SourceVersion "1"]
[SourceVersionDate "2024.01.10"]
[SourceQuality "1"]

1. e4 e5 2. Nf3 Nf6 3. Nxe5 d6 4. Nf3 Nxe4 5. Nc3 Nxc3 6. dxc3 Be7 7. Be3 Nc6 8. Bd3 Be6 9. Qe2 Bf6 10. 0-0-0 a6 11. Kb1 Qe7 12. Rhe1 0-0 13. Nd4 Nxd4 14. cxd4 Qd7 15. d5 Bf5 16. Bxf5 Qxf5 17. Bd4 g6 18. Bxf6 Qxf6 19. Rd3 c5 20. Re3 Rac8 21. Re7 c4 22. Qf3 Qxf3 23. gxf3 Rc5 24. Rd1 b5 25. Rd7 Re8 26. Rxd6 b4 27. Kc1 a5 28. Ra6 Rd8 29. d6 Rf5 30. a4 h5 31. Rd4 Rxf3 32. Rxa5 Rxf2 33. Rc5 Rf1+ 34. Kd2 Rf2+ 35. Kd1 Rxh2 36. Rcxc4 h4 37. d7 Kf8 38. Rxh4 Rxd7+ 39. Rcd4 g5 40. Rxd7 Rxh4 41. a5 Rh1+ 42. Ke2 Ra1 43. Rb7 Rxa5 44. Rxb4 Kg7 45. Rb6 Rc5 46. Kd3 g4 47. b4 Re5 48. Ra6 Re1 49. b5 g3 50. Ra4 f5 51. Ra7+ Kf6 52. Ra6+ Kg5 53. Ra8 Kf4 54. Rg8 Kf3 55. c4 g2 56. c5 Re3+ 57. Kd2 Rb3 58. b6 Rb5 59. Rg5 Rxc5 60. b7 Rb5 61. Rxf5+ Rxf5 62. b8Q g1Q 63. Qb7+ Kf4 64. Qc7+ Kg4 65. Qg7+ Rg5 66. Qd7+ Kh4 67. Qh7+ Kg3 68. Qc7+ Kh3 69. Qh7+ Kg4 70. Qd7+ Kh4 71. Qh7+ Rh5 72. Qe7+ Qg5+ 0-1

[Event "Marikina City Kamatyas"]
[Site "Marikina City"]
[Date "2023.12.11"]
[Round "3"]
[White "Gomez, John Paul"]
[Black "Bersamina, Paulo"]
[Result "1/2-1/2"]
[WhiteElo "2412"]
[BlackElo "2433"]
[PlyCount "62"]
[EventDate "2023.12.10"]
[EventType "tourn"]
[EventRounds "9"]
[EventCountry "PHI"]
[EventCategory "7"]
[SourceTitle "CB51_2023"]
[SourceDate "2023.12.20"]
[SourceVersion "1"]
[SourceVersionDate "2023.12.20"]
[SourceQuality "1"]

1. e4 c5 2. Nf3 Nc6 3. d4 cxd4 4. Nxd4 Nf6 5. Nc3 e6 6. Ndb5 d6 7. Bf4 e5 8. Bg5 a6 9. Na3 b5 10. Nd5 Be7 11. Bxf6 Bxf6 12. c3 0-0 13. Nc2 Bg5 14. a4 bxa4 15. Rxa4 a5 16. Bb5 Ne7 17. Nxe7+ Qxe7 18. Nb4 Bh3 19. gxh3 axb4 20. Rxb4 Rab8 21. 0-0 Bf4 22. Qf3 d5 23. exd5 Rb7 24. Bc6 Rxb4 25. cxb4 Qxb4 26. Rd1 Rd8 27. Qa3 Qe4 28. Qd3 Qb4 29. Qa3 Qe4 30. Qd3 Qb4 31. Qa3 Qe4 1/2-1/2

[Event "Manila AQ Prime op 3rd"]
[Site "Manila"]
[Date "2023.10.29"]
[Round "2"]
[White "Bersamina, Paulo"]
[Black "Rosaupan, Carlo Magno"]
[Result "1-0"]
[WhiteElo "2434"]
[BlackElo "1926"]
[PlyCount "81"]
[EventDate "2023.10.28"]
[EventType "swiss"]
[EventRounds "9"]
[EventCountry "PHI"]
[SourceTitle "CB46_2023"]
[SourceDate "2023.11.15"]
[SourceVersion "1"]
[SourceVersionDate "2023.11.15"]
[SourceQuality "1"]

1. e4 c5 2. Nf3 e6 3. c3 Nf6 4. e5 Nd5 5. a3 d6 6. d4 cxd4 7. c4 Nb6 8. Bg5 Qc7 9. exd6 Bxd6 10. Qxd4 e5 11. Qd2 0-0 12. Nc3 Qc6 13. Rd1 Bc7 14. c5 e4 15. cxb6 exf3 16. bxc7 fxg2 17. Bxg2 Qxg2 18. Qd5 Re8+ 19. Kd2 Qxd5+ 20. Nxd5 Nc6 21. Rhg1 Kf8 22. Kc3 f6 23. Nxf6 gxf6 24. Bh6+ Kf7 25. Rg7+ Ke6 26. Re1+ Ne5 27. f4 Re7 28. Rxe7+ Kxe7 29. fxe5 fxe5 30. Bf4 Be6 31. Rxe5 Rf8 32. Bg3 Kd7 33. Rg5 a6 34. Rh5 Bf5 35. Kb4 b6 36. Rh4 Kc8 37. Rd4 Bd7 38. Rd6 a5+ 39. Kc4 b5+ 40. Kd4 a4 41. Rb6 1-0

[Event "Asian Games tt"]
[Site "Hangzhou"]
[Date "2023.10.07"]
[Round "9.5"]
[White "Praggnanandhaa, Rameshbabu"]
[Black "Bersamina, Paulo"]
[Result "1/2-1/2"]
[WhiteElo "2727"]
[BlackElo "2434"]
[PlyCount "101"]
[EventDate "2023.09.29"]
[EventType "team-tourn"]
[EventRounds "9"]
[EventCountry "CHN"]
[SourceTitle "EXT 2024"]
[Source "ChessBase"]
[SourceDate "2023.10.10"]
[SourceVersion "1"]
[SourceVersionDate "2023.10.10"]
[SourceQuality "1"]
[WhiteTeam "India"]
[BlackTeam "Philippines"]
[WhiteTeamCountry "IND"]
[BlackTeamCountry "PHI"]

1. d4 d5 2. c4 e6 3. Nf3 Nf6 4. Nc3 dxc4 5. e4 b5 6. e5 Nd5 7. Nxb5 Nb6 8. Be2 Be7 9. Be3 Nc6 10. a3 0-0 11. Qc2 Na5 12. Rd1 Ba6 13. Nc3 Nd5 14. Nxd5 Qxd5 15. Bg5 f6 16. exf6 Bxf6 17. Be3 Rab8 18. 0-0 Qf5 19. Qxf5 exf5 20. b4 Nb3 21. Ne5 c5 22. bxc5 Nxc5 23. Bxc4+ Bxc4 24. Nxc4 Ne4 25. g3 Rfc8 26. Rc1 Rb3 27. Kg2 Rd8 28. Rfd1 a6 29. h4 h5 30. Ra1 Rb5 31. Rac1 Rb3 32. a4 Rb4 33. a5 Rb5 34. Ne5 Bxe5 35. dxe5 Rxd1 36. Rxd1 Rxa5 37. Rd8+ Kf7 38. Bd4 Nc5 39. Bxc5 Rxc5 40. Rd7+ Kf8 41. e6 Re5 42. Rd6 Ke7 43. Rxa6 Rxe6 44. Rxe6+ Kxe6 45. Kf3 Ke5 46. Ke3 Ke6 47. Kd4 Kd6 48. f3 Ke6 49. f4 Kd6 50. Kc4 Kc6 51. Kd4 1/2-1/2

[Event "Titled Tuesday intern op 26th Sep Early"]
[Site "Chess.com INT"]
[Date "2023.09.26"]
[Round "5"]
[White "Bersamina, Paulo"]
[Black "Hirneise, Jens"]
[Result "1-0"]
[WhiteElo "2434"]
[BlackElo "2277"]
[PlyCount "81"]
[EventDate "2023.09.26"]
[EventType "swiss (blitz)"]
[EventRounds "11"]
[EventCountry "USA"]
[SourceTitle "EXT 2024"]
[Source "ChessBase"]
[SourceDate "2023.10.10"]
[SourceVersion "1"]
[SourceVersionDate "2023.10.10"]
[SourceQuality "1"]

1. e4 c6 2. Nc3 d5 3. Nf3 Bg4 4. h3 Bxf3 5. Qxf3 e6 6. g3 Nf6 7. Bg2 dxe4 8. Nxe4 Nxe4 9. Qxe4 Nd7 10. 0-0 Nf6 11. Qe2 Be7 12. a4 a5 13. c3 0-0 14. d4 Nd5 15. f4 Re8 16. Bd2 Bf6 17. Rae1 Qb6 18. Bc1 Qb3 19. Qd1 Qxd1 20. Rxd1 Nb6 21. b3 Nd5 22. Rd3 Nxc3 23. Rxc3 Bxd4+ 24. Re3 Red8 25. Kf2 Bxe3+ 26. Kxe3 Ra6 27. Be4 Rb6 28. Bc2 c5 29. Bd2 Ra6 30. Bc3 b6 31. g4 Ra7 32. h4 Rad7 33. h5 h6 34. g5 hxg5 35. fxg5 Rd5 36. Rg1 Kf8 37. h6 gxh6 38. gxh6 Ke7 39. h7 Rh5 40. Rg8 Rh3+ 41. Kf4 1-0

[Event "Titled Tuesday intern op 26th Sep Early"]
[Site "Chess.com INT"]
[Date "2023.09.26"]
[Round "3"]
[White "Bersamina, Paulo"]
[Black "Xu, Xiangyu"]
[Result "0-1"]
[WhiteElo "2434"]
[BlackElo "2626"]
[PlyCount "78"]
[EventDate "2023.09.26"]
[EventType "swiss (blitz)"]
[EventRounds "11"]
[EventCountry "USA"]
[SourceTitle "EXT 2024"]
[Source "ChessBase"]
[SourceDate "2023.10.10"]
[SourceVersion "1"]
[SourceVersionDate "2023.10.10"]
[SourceQuality "1"]

1. e4 e5 2. Nf3 Nf6 3. Nc3 Bb4 4. Nxe5 0-0 5. Nd3 Bxc3 6. dxc3 Nxe4 7. Be2 d6 8. 0-0 Nd7 9. Bf3 Re8 10. c4 b6 11. b3 Bb7 12. Bb2 a5 13. a4 Qg5 14. Bxe4 Bxe4 15. f3 Qe3+ 16. Nf2 Bg6 17. Bd4 Qe2 18. Rc1 Nc5 19. Nh3 Qxd1 20. Rfxd1 Re2 21. Bxc5 bxc5 22. Nf4 Rxc2 23. Nxg6 Rxc1 24. Rxc1 hxg6 25. Kf2 Re8 26. Rd1 g5 27. Rd5 f6 28. Rd3 Kf7 29. h3 f5 30. Kf1 Kf6 31. Kf2 f4 32. Rd5 g6 33. Rd3 Ke6 34. Rd2 Rb8 35. Rd3 c6 36. Ke2 d5 37. Rc3 Kd6 38. Rd3 Rb4 39. Kd2 Ke5 0-1

[Event "Asian Games"]
[Site "Hangzhou"]
[Date "2023.09.25"]
[Round "4"]
[White "Bersamina, Paulo"]
[Black "Jumabayev, Rinat"]
[Result "1-0"]
[WhiteElo "2434"]
[BlackElo "2585"]
[PlyCount "223"]
[EventDate "2023.09.24"]
[EventType "swiss (rapid)"]
[EventRounds "9"]
[EventCountry "CHN"]
[SourceTitle "EXT 2024"]
[Source "ChessBase"]
[SourceDate "2023.10.10"]
[SourceVersion "1"]
[SourceVersionDate "2023.10.10"]
[SourceQuality "1"]

1. e4 c5 2. Nf3 Nc6 3. d4 cxd4 4. Nxd4 Nf6 5. Nc3 d6 6. Bg5 e6 7. Qd3 a6 8. Nxc6 bxc6 9. 0-0-0 Qb6 10. Qg3 Rb8 11. b3 h6 12. Bxf6 gxf6 13. f4 h5 14. Bc4 Qb4 15. Qd3 Be7 16. Rhe1 a5 17. f5 e5 18. Re3 Bf8 19. Rh3 a4 20. Kb2 a3+ 21. Ka1 Bd7 22. Qe2 h4 23. Nb1 Qc5 24. Qe1 d5 25. exd5 Bxf5 26. Rc3 Qb6 27. Qf1 Rh5 28. d6 Bg7 29. Rf3 Bxc2 30. Rd2 e4 31. Rf5 Qc5 32. Bxf7+ Kxf7 33. Rxc5 Rxc5 34. Rxc2 Rxc2 35. Nxa3 Rd2 36. Nc4 Rd5 37. Kb1 Re8 38. Qf4 Kg6 39. Qxh4 e3 40. d7 Re7 41. Qg3+ Kh7 42. Nxe3 Rdxd7 43. Nf5 Rf7 44. Nd6 Rfe7 45. Nf5 Rf7 46. Qh3+ Kg8 47. Nxg7 Kxg7 48. Qg4+ Kf8 49. Kc2 Rfe7 50. a4 c5 51. Qf3 Kg7 52. Kc3 Rd4 53. a5 Rde4 54. Kd3 Rb4 55. Kc2 Rb5 56. Qg4+ Kh6 57. Qh4+ Kg7 58. Qg4+ Kh6 59. Qc8 Rxa5 60. Qf8+ Rg7 61. Qxf6+ Kh7 62. Qh4+ Kg6 63. Qe4+ Kf6 64. g4 Re7 65. Qf3+ Kg6 66. Qd3+ Kf7 67. Qc4+ Kf8 68. Kb2 Rf7 69. Qc2 Rfa7 70. Qf5+ Rf7 71. Qc2 Rfa7 72. Qf2+ Kg7 73. Kc3 Ra1 74. Qe3 Rf7 75. Kc4 Ra2 76. h4 Rc2+ 77. Kb5 Rb7+ 78. Kc6 Rf7 79. Qe5+ Kg8 80. Qd5 Rcf2 81. Kxc5 R2f4 82. Qg5+ Kh7 83. h5 R4f6 84. Qe5 Rf4 85. Qe6 R7f6 86. Qe7+ Rf7 87. Qg5 R4f6 88. b4 Rc7+ 89. Kd5 Rb6 90. Qf5+ Kg8 91. Qf4 Rcb7 92. Qg5+ Kh7 93. Qf5+ Kg7 94. Qe5+ Kh7 95. Qe4+ Kg8 96. Qe8+ Kg7 97. Kc5 Rxb4 98. g5 R4b6 99. h6+ Kh7 100. Qe4+ Kg8 101. Qc4+ Kh7 102. Qe4+ Kg8 103. Qd3 Rb1 104. Qd8+ Kh7 105. Qd3+ Kg8 106. g6 Rc1+ 107. Kd6 Rb6+ 108. Ke5 Rc5+ 109. Kf4 Rf6+ 110. Kg4 Rc8 111. Qd5+ Kh8 112. Qd4 1-0

[Event "Titled Tuesday intern op 05th Sep Early"]
[Site "Chess.com INT"]
[Date "2023.09.05"]
[Round "6"]
[White "Bersamina, Paulo"]
[Black "Kopczynski, Michal"]
[Result "1-0"]
[WhiteElo "2434"]
[BlackElo "2225"]
[PlyCount "63"]
[EventDate "2023.09.05"]
[EventType "swiss (blitz)"]
[EventRounds "11"]
[EventCountry "USA"]
[SourceTitle "EXT 2024"]
[Source "ChessBase"]
[SourceDate "2023.10.10"]
[SourceVersion "1"]
[SourceVersionDate "2023.10.10"]
[SourceQuality "1"]

1. e4 c5 2. Nf3 d6 3. d4 cxd4 4. Nxd4 Nf6 5. Nc3 g6 6. Be3 Bg7 7. f3 0-0 8. Qd2 Nc6 9. 0-0-0 d5 10. Nxc6 bxc6 11. Bh6 e6 12. h4 Qb6 13. Bxg7 Kxg7 14. e5 Ng8 15. h5 Rb8 16. b3 c5 17. Rh4 c4 18. Be2 cxb3 19. axb3 h6 20. hxg6 fxg6 21. Rdh1 g5 22. Rxh6 Nxh6 23. Qxg5+ Kf7 24. Bb5 Qd8 25. Qxh6 Rg8 26. Kb2 Qg5 27. Qh7+ Rg7 28. Qh8 Rg8 29. Qh2 d4 30. Ne4 Qxg2 31. Qf4+ Ke7 32. Qf6# 1-0

[Event "Titled Tuesday intern op 05th Sep Early"]
[Site "Chess.com INT"]
[Date "2023.09.05"]
[Round "5"]
[White "Bersamina, Paulo"]
[Black "Santos Flores, Alberto Javier"]
[Result "0-1"]
[WhiteElo "2434"]
[BlackElo "2198"]
[PlyCount "64"]
[EventDate "2023.09.05"]
[EventType "swiss (blitz)"]
[EventRounds "11"]
[EventCountry "USA"]
[SourceTitle "EXT 2024"]
[Source "ChessBase"]
[SourceDate "2023.10.10"]
[SourceVersion "1"]
[SourceVersionDate "2023.10.10"]
[SourceQuality "1"]

1. e4 c5 2. Nc3 Nc6 3. f4 g6 4. Nf3 Bg7 5. Bb5 Nd4 6. a4 e6 7. Nxd4 cxd4 8. Ne2 Ne7 9. d3 0-0 10. h4 d5 11. a5 a6 12. Ba4 Qxa5+ 13. Bd2 Qb6 14. h5 dxe4 15. dxe4 Qxb2 16. Rb1 Qa3 17. Bb3 Bd7 18. Ng3 Bc6 19. Qg4 Rfd8 20. hxg6 hxg6 21. Qh4 d3 22. c3 Qc5 23. f5 exf5 24. Qh7+ Kf8 25. Bh6 Qxc3+ 26. Kf2 Ng8 27. exf5 Nxh6 28. Rxh6 Qd2+ 29. Kf1 Qxh6 30. fxg6 Qxh7 31. gxh7 Rd6 32. Kg1 Rh6 0-1

[Event "Titled Tuesday intern op 05th Sep Early"]
[Site "Chess.com INT"]
[Date "2023.09.05"]
[Round "10"]
[White "Bersamina, Paulo"]
[Black "Zhigalko, Sergei"]
[Result "0-1"]
[WhiteElo "2434"]
[BlackElo "2572"]
[PlyCount "46"]
[EventDate "2023.09.05"]
[EventType "swiss (blitz)"]
[EventRounds "11"]
[EventCountry "USA"]
[SourceTitle "EXT 2024"]
[Source "ChessBase"]
[SourceDate "2023.10.10"]
[SourceVersion "1"]
[SourceVersionDate "2023.10.10"]
[SourceQuality "1"]

1. e4 c5 2. Nc3 Nc6 3. f4 g6 4. Nf3 Bg7 5. Bb5 Nd4 6. a4 e6 7. d3 Ne7 8. Nxd4 cxd4 9. Ne2 a6 10. Bc4 d5 11. Bb3 dxe4 12. dxe4 0-0 13. h4 Qb6 14. h5 Bd7 15. Qd3 Rfd8 16. Bd2 Bc6 17. hxg6 hxg6 18. Rh3 Rac8 19. f5 exf5 20. Ng3 fxe4 21. Nxe4 Bxe4 22. Qxe4 d3 23. Qxe7 Qg1# 0-1

[Event "Titled Tuesday intern op 05th Sep Early"]
[Site "Chess.com INT"]
[Date "2023.09.05"]
[Round "2"]
[White "Pandey, Srishti"]
[Black "Bersamina, Paulo"]
[Result "0-1"]
[WhiteElo "2133"]
[BlackElo "2434"]
[PlyCount "56"]
[EventDate "2023.09.05"]
[EventType "swiss (blitz)"]
[EventRounds "11"]
[EventCountry "USA"]
[SourceTitle "EXT 2024"]
[Source "ChessBase"]
[SourceDate "2023.10.10"]
[SourceVersion "1"]
[SourceVersionDate "2023.10.10"]
[SourceQuality "1"]

1. e4 c5 2. Nf3 e6 3. d4 cxd4 4. Nxd4 Bc5 5. Nb3 Bb6 6. Nc3 Ne7 7. Be2 0-0 8. 0-0 f5 9. a4 Nbc6 10. Bg5 h6 11. Bf4 fxe4 12. Bd6 e3 13. fxe3 Bxe3+ 14. Kh1 Rxf1+ 15. Qxf1 Nf5 16. Ba3 d5 17. Bd3 d4 18. Ne4 Ne5 19. Be2 Qh4 20. Nbc5 b6 21. g3 Nxg3+ 22. Nxg3 bxc5 23. Ba6 Bxa6 24. Qxa6 Ng4 25. Qxe6+ Kh8 26. Nf1 Rf8 27. Qd6 Nf2+ 28. Kg1 Ne4+ 0-1

[Event "Titled Tuesday intern op 29th Aug Early"]
[Site "Chess.com INT"]
[Date "2023.08.29"]
[Round "1"]
[White "Novikova, Galina"]
[Black "Bersamina, Paulo"]
[Result "0-1"]
[WhiteElo "2073"]
[BlackElo "2434"]
[PlyCount "70"]
[EventDate "2023.08.29"]
[EventType "swiss (blitz)"]
[EventRounds "11"]
[EventCountry "USA"]
[SourceTitle "EXT 2024"]
[Source "ChessBase"]
[SourceDate "2023.10.10"]
[SourceVersion "1"]
[SourceVersionDate "2023.10.10"]
[SourceQuality "1"]

1. e4 c5 2. Nf3 d6 3. d4 cxd4 4. Nxd4 Nf6 5. Nc3 Nc6 6. Rg1 e5 7. Nb3 Be6 8. g4 d5 9. g5 Nxe4 10. Nxe4 dxe4 11. Qxd8+ Rxd8 12. Bd2 Nd4 13. 0-0-0 Nf3 14. Rh1 Nxd2 15. Rxd2 Rxd2 16. Kxd2 Be7 17. Bb5+ Kd8 18. h4 h6 19. gxh6 Rxh6 20. h5 Bg5+ 21. Kc3 b6 22. Nd2 Bxd2+ 23. Kxd2 Bg4 24. Ke3 Rxh5 25. Rg1 f5 26. a4 a5 27. Rc1 Rh3+ 28. Kd2 Kc7 29. c4 Kd6 30. Kc2 Kc5 31. Bd7 e3 32. fxe3 Rxe3 33. Kb1 e4 34. Rf1 Rf3 35. Rh1 Rd3 0-1

[Event "Titled Tuesday intern op 29th Aug Late"]
[Site "Chess.com INT"]
[Date "2023.08.29"]
[Round "1"]
[White "Perossa, Nicolas"]
[Black "Bersamina, Paulo"]
[Result "0-1"]
[WhiteElo "2265"]
[BlackElo "2434"]
[PlyCount "72"]
[EventDate "2023.08.29"]
[EventType "swiss (blitz)"]
[EventRounds "11"]
[EventCountry "USA"]
[SourceTitle "EXT 2024"]
[Source "ChessBase"]
[SourceDate "2023.10.10"]
[SourceVersion "1"]
[SourceVersionDate "2023.10.10"]
[SourceQuality "1"]

1. d4 Nf6 2. Nf3 e6 3. b3 b5 4. e3 a6 5. Bd3 Bb7 6. Nbd2 c5 7. Bb2 Be7 8. 0-0 0-0 9. c4 bxc4 10. bxc4 Qc7 11. Qc2 h6 12. Rab1 Nc6 13. Bc3 Nb4 14. Bxb4 cxb4 15. e4 d6 16. Rxb4 d5 17. c5 dxe4 18. Nxe4 Nd5 19. Rb2 Nf4 20. Qd2 Rab8 21. Rfb1 Nxd3 22. Qxd3 Bd5 23. Nc3 Ba8 24. Nd2 Rbd8 25. Nde4 f5 26. Nd6 Bxd6 27. cxd6 Qxd6 28. Rb6 Qf4 29. f3 Rxd4 30. Qe2 e5 31. Rxa6 Rdd8 32. Qf2 Rd2 33. Ne2 Qc4 34. Rxa8 Rxa8 35. Re1 Raxa2 36. Qb6 Rxe2 0-1

[Event "Titled Tuesday intern op 29th Aug Late"]
[Site "Chess.com INT"]
[Date "2023.08.29"]
[Round "4"]
[White "Rama, Tejas"]
[Black "Bersamina, Paulo"]
[Result "1-0"]
[WhiteElo "2255"]
[BlackElo "2434"]
[PlyCount "137"]
[EventDate "2023.08.29"]
[EventType "swiss (blitz)"]
[EventRounds "11"]
[EventCountry "USA"]
[SourceTitle "EXT 2024"]
[Source "ChessBase"]
[SourceDate "2023.10.10"]
[SourceVersion "1"]
[SourceVersionDate "2023.10.10"]
[SourceQuality "1"]

1. d4 Nf6 2. c4 e6 3. Nf3 Bb4+ 4. Bd2 Qe7 5. e3 Nc6 6. Bd3 e5 7. dxe5 Nxe5 8. Nxe5 Bxd2+ 9. Qxd2 Qxe5 10. Nc3 0-0 11. Bc2 b6 12. 0-0-0 Ba6 13. b3 b5 14. cxb5 Bxb5 15. f4 Qc5 16. Nxb5 Qxb5 17. e4 d6 18. Rhe1 Rfe8 19. Kb1 a5 20. Ka1 a4 21. bxa4 Qc5 22. Rc1 Kh8 23. Bb3 Qh5 24. e5 dxe5 25. fxe5 Rxe5 26. Bxf7 Qf5 27. Rxe5 Qxe5+ 28. Qc3 Qg5 29. Qxc7 h5 30. g3 Rxa4 31. Qc8+ Kh7 32. Qc2+ Ne4 33. Qb2 Rb4 34. Bb3 Nd2 35. Rd1 Nxb3+ 36. axb3 Re4 37. Qc2 Qg6 38. Kb2 Qf6+ 39. Kb1 Qf5 40. Rd4 Re1+ 41. Kb2 Qg6 42. Qxg6+ Kxg6 43. Rd2 Kg5 44. Kc3 Re3+ 45. Rd3 Re2 46. Rd2 Re1 47. Kc4 Rb1 48. b4 Kg4 49. b5 Kh3 50. Kc5 g5 51. b6 g4 52. Kc6 Rc1+ 53. Kb7 Rb1 54. Ka7 h4 55. gxh4 Kxh4 56. b7 Ra1+ 57. Kb8 Rb1 58. Rc2 Rf1 59. Kc8 Rf8+ 60. Kc7 Rf7+ 61. Kb6 Rf6+ 62. Ka7 Rf7 63. Ka8 Rf1 64. b8Q Ra1+ 65. Kb7 Rb1+ 66. Kc7 Rf1 67. Qh8+ Kg5 68. Qg7+ Kh5 69. Rc5+ 1-0

[Event "Titled Tuesday intern op 29th Aug Early"]
[Site "Chess.com INT"]
[Date "2023.08.29"]
[Round "9"]
[White "Souleidis, Georgios"]
[Black "Bersamina, Paulo"]
[Result "0-1"]
[WhiteElo "2419"]
[BlackElo "2434"]
[PlyCount "68"]
[EventDate "2023.08.29"]
[EventType "swiss (blitz)"]
[EventRounds "11"]
[EventCountry "USA"]
[SourceTitle "EXT 2024"]
[Source "ChessBase"]
[SourceDate "2023.10.10"]
[SourceVersion "1"]
[SourceVersionDate "2023.10.10"]
[SourceQuality "1"]

1. e4 c5 2. Nf3 d6 3. Bc4 Nc6 4. 0-0 g6 5. Re1 Bg7 6. c3 Nf6 7. d4 0-0 8. d5 Ne5 9. Nxe5 dxe5 10. a4 Ne8 11. Be3 Nd6 12. Bd3 b6 13. Nd2 f5 14. f3 e6 15. dxe6 Bxe6 16. Qe2 Bf6 17. Rad1 Bg5 18. Bxg5 Qxg5 19. exf5 Bxf5 20. Bxf5 Rxf5 21. Ne4 Nxe4 22. Qxe4 Raf8 23. Rd3 R8f7 24. a5 bxa5 25. h3 Kg7 26. Re2 Qc1+ 27. Kh2 Qf4+ 28. Kg1 c4 29. Rd5 Qg3 30. Rf2 a4 31. Rb5 Rd7 32. Rb7 Rff7 33. Rxd7 Rxd7 34. Rf1 Rd2 0-1

[Event "Titled Tuesday intern op 29th Aug Early"]
[Site "Chess.com INT"]
[Date "2023.08.29"]
[Round "7"]
[White "Zakhartsov, Vladimir"]
[Black "Bersamina, Paulo"]
[Result "1-0"]
[WhiteElo "2525"]
[BlackElo "2434"]
[PlyCount "99"]
[EventDate "2023.08.29"]
[EventType "swiss (blitz)"]
[EventRounds "11"]
[EventCountry "USA"]
[SourceTitle "EXT 2024"]
[Source "ChessBase"]
[SourceDate "2023.10.10"]
[SourceVersion "1"]
[SourceVersionDate "2023.10.10"]
[SourceQuality "1"]

1. d4 Nf6 2. c4 e6 3. Nf3 Bb4+ 4. Nbd2 d6 5. Qc2 Nc6 6. e4 e5 7. d5 Bxd2+ 8. Bxd2 Ne7 9. h3 0-0 10. Bd3 b6 11. g4 Ng6 12. 0-0-0 a6 13. Kb1 Bd7 14. Bg5 c5 15. dxc6 Bxc6 16. h4 Nf4 17. Bxf4 exf4 18. g5 Ng4 19. h5 Ne5 20. Nxe5 dxe5 21. g6 Qd4 22. c5 Qxc5 23. Bc4 Kh8 24. f3 Rac8 25. Rc1 Bb5 26. Bxb5 Qxc2+ 27. Rxc2 Rxc2 28. Kxc2 axb5 29. gxf7 Rxf7 30. Rd1 g5 31. hxg6 hxg6 32. Rd6 g5 33. Kd3 g4 34. fxg4 f3 35. Rh6+ Kg7 36. Rh1 Kg6 37. Ke3 Kg5 38. Kf2 Kxg4 39. Rh8 Rc7 40. Ke3 Rc2 41. Rg8+ Kh4 42. Kxf3 Rxb2 43. Re8 Rxa2 44. Rxe5 Ra5 45. Kf4 b4 46. Re6 b3 47. Rxb6 Kh5 48. e5 b2 49. Kf5 Ra1 50. Rxb2 1-0

[Event "Titled Tuesday intern op 15th Aug Early"]
[Site "Chess.com INT"]
[Date "2023.08.15"]
[Round "10"]
[White "Bazilius, Augustinas"]
[Black "Bersamina, Paulo"]
[Result "0-1"]
[WhiteElo "2052"]
[BlackElo "2434"]
[PlyCount "140"]
[EventDate "2023.08.15"]
[EventType "swiss (blitz)"]
[EventRounds "11"]
[EventCountry "USA"]
[SourceTitle "EXT 2024"]
[Source "ChessBase"]
[SourceDate "2023.10.10"]
[SourceVersion "1"]
[SourceVersionDate "2023.10.10"]
[SourceQuality "1"]

1. d4 Nf6 2. c4 e6 3. Nf3 Bb4+ 4. Bd2 Qe7 5. g3 Nc6 6. Bg2 Bxd2+ 7. Qxd2 Ne4 8. Qc2 Qb4+ 9. Nc3 Nxc3 10. Qxc3 Qxc3+ 11. bxc3 d6 12. Nd2 Bd7 13. e4 0-0-0 14. Ke2 e5 15. Kd3 Na5 16. Nb3 Nc6 17. f4 f6 18. d5 Nb8 19. fxe5 fxe5 20. Rhf1 b6 21. Rf7 Rhg8 22. Raf1 Rde8 23. Nd2 Kd8 24. a4 Re7 25. R7f2 a5 26. c5 Bxa4 27. c6 Na6 28. Rf8+ Rxf8 29. Rxf8+ Re8 30. Rf7 Nc5+ 31. Ke3 Bc2 32. Rxg7 h5 33. Bh3 a4 34. Nc4 Bxe4 35. Bd7 Bxd5 36. Bxe8 Bxc4 37. Bg6 a3 38. Bb1 Na4 39. Rd7+ Kc8 40. Kd2 Bd5 41. Rh7 Bxc6 42. Rxh5 e4 43. Rh8+ Kb7 44. Rh4 e3+ 45. Kxe3 Nxc3 46. Kd2 Nxb1+ 47. Kc1 Nc3 48. Kc2 Nd5 49. Rh7 Nf4 50. gxf4 Be4+ 51. Kb3 Bxh7 52. Kxa3 Kc6 53. Kb4 Kd5 54. Kb5 Ke6 55. Kc6 Kf5 56. h4 Kxf4 57. Kxc7 d5 58. Kxb6 d4 59. Kc5 d3 60. Kd4 d2 61. Kc3 d1Q 62. Kb4 Qc2 63. h5 Kg4 64. h6 Kh5 65. Kb5 Kxh6 66. Kb6 Kg7 67. Kb7 Qc5 68. Kb8 Qe7 69. Ka8 Be4+ 70. Kb8 Qb7# 0-1